• 首页
  • 本馆介绍
  • 公告通知
  • 最新文献
  • 馆藏检索
  • 电子资源
  • 读者导购
  • 参考咨询
  • 我的图书馆
  • 登录
  • 详细信息显示
  • 放入我的书架
  • 预约/预借图书
  • 作者相关作品
  • 分类相关作品
  • 丛书相关作品
  • 出版社相关作品

书目信息

  • 表格格式
  • 工作单格式
  • 卡片格式
题名:
完美婚庆主持宝典
    
 
作者: 季明堂 编著
分册:  
出版信息: 北京   中国时代经济出版社  2010
页数: 194页
开本: 24cm
丛书名:
单 册:
中图分类: K892.22
科图分类:
主题词: 结婚--礼仪--主持人--中国 , 结婚 , 礼仪 , 主持人
电子资源:
ISBN: 978-7-80221-999-1
000 00850nam0 2200265 45
001 1133573406
005 20110413093408.07
010    @a978-7-80221-999-1@dCNY32.00
100    @a20110406d2010 em y0chiy0110 ea
101 0  @achi
102    @aCN@b110000
105    @aa z 000yy
106    @ar
200 1  @a完美婚庆主持宝典@AWan Mei Hun Qing Zhu Chi Bao Dian@f季明堂编著@FJi Ming Tang Bian Zhu
210    @a北京@c中国时代经济出版社@d2010
215    @a194页@c图@d24cm
330    @a本书精彩呈现各式婚照,包括中国特色的民族婚礼、浪漫的西式烛光婚礼、庄重的教堂婚礼、前卫时尚的水上婚礼、热闹省事的集体婚礼。
606 0  @a结婚@x礼仪@x主持人@y中国
606 0  @a结婚
606 0  @a礼仪
606 0  @a主持人
690    @aK892.22@v4
701  0 @a季明堂@AJi Ming Tang@4编著
801  0 @aCN@bTANGWEI@c20110413
905    @b0534794-97@dK892.22@e165@f4
    
    完美婚庆主持宝典/季明堂编著.-北京:中国时代经济出版社,2010
    194页:图;24cm
    
    
    ISBN 978-7-80221-999-1:CNY32.00
    本书精彩呈现各式婚照,包括中国特色的民族婚礼、浪漫的西式烛光婚礼、庄重的教堂婚礼、前卫时尚的水上婚礼、热闹省事的集体婚礼。
●
相关链接 在E读中查询图书 在五车中查询图书 在当当中查询图书 在豆瓣中查询图书


正题名:完美婚庆主持宝典     索取号:K892.22/165         预约/预借

序号 登录号 条形码 馆藏地/架位号 状态 备注
1 0534794   205347944   第二样本阅览室/ [索取号:K892.22/165] 在馆    
2 0534795   205347953   第二借阅区/ [索取号:K892.22/165] 在馆    
3 0534796   205347962   第二借阅区/ [索取号:K892.22/165] 在馆    
4 0534797   205347971   第二借阅区/ [索取号:K892.22/165] 在馆    
唐山师范学院图书馆 欢迎您!
大连网信软件有限公司© 版权所有